01329 a2200229 45000010006000000050017000060080041000230030015000640400040000790800050001192450033001692640040002023000019002425050620002610410008008819420007008895900036008961000020009327000022009529990015009749520110009895858920260407155842.0260407a1969 arg spa dAR-UNSa-BCEJYS aAR-UNSa-BCEJYSbspacAR-UNSa-BCEJYS a347.2xDerechos reales. Cosas. Bienes muebles10aLecciones de derechos reales 1aCórdoba :bEdiciones Lernerc1969 a354 p.c25 cm. a1. Introducción al estudio de los derechos reales – 2. La posesión, sus elementos, objeto y clases – 3. Adquisición de la posesión – 4. Efectos de la posesión. Conservación y pérdida de la posesión. La simple tenencia – 5. La protección posesoria – 6. Las acciones posesorias – 7. Dominio. Función social de la propiedad – 8. Restricciones y límites al dominio. Modos de adquirir dominio – 9. Modos de adquirir el dominio (continuación) – 10. Efectos de la posesión: cosas muebles – 11. Prescripción adquisitiva o usucapión – 12. Condominio. Indivisión forzosa aspa cBK aniveau_biblio:m niveau_hierar:01 aValdes, Horacio1 aOrchansky, Benito c6458d6458 00104070aBCEJYSbBCEJYSc16d2026-04-07l0o347.2 V144 v.1pL87219r2026-04-07 15:58:42w2026-04-07yL